| 000 | 00370pab a2200145 454500 | ||
|---|---|---|---|
| 008 | 180718b2003 xxu||||| |||| 00| 0 eng d | ||
| 100 | _aParashar, Suhasini | ||
| 245 | _aAn appraisal of the theory of the consumer behaviour | ||
| 260 | _c2003 | ||
| 300 | _ap.549-55. | ||
| 362 | _aApr | ||
| 650 | _aConsumers | ||
| 773 | _aIndian Journal of Economics | ||
| 909 | _a57531 | ||
| 999 |
_c57531 _d57531 |
||